00614pam a2200217 a 45000010008000000030004000080050017000120080041000290100017000700200018000870400018001050500022001230820021001451000027001662450068001932600031002613000034002925000020003266500029003467000021003754888409OSt20230926124656.0930507s1994 nyua 000 0 eng  a 93024962  z9788130916002 aDLCcDLCdDLC00aHB135b.S545 199400a510.24339bSIM/M1 aSimon, Carl P.,d1945-10aMathematics for economists /cCarl P. Simon and Lawrence Blume. aNew York :bNorton,c2019. axxiv, 930 p. :bill. c25 cm. aIncludes index. 0aEconomics, Mathematical.1 aBlume, Lawrence.